000
00215 a2200097 4500
001
45759
100
_a
Hill Mc
245
_a
Encyclopedia of world art
260
_a
New York
_b
McGraw-Hill
_c
090
_c
28885
_d
28885
942
_a
NUST-CAE
_c
M
_c
20985
999
_c
280832
_d
280832